| 000 | 00946cab a2200217 4500 | ||
|---|---|---|---|
| 001 | ABS42675 | ||
| 008 | 090401t1990 xxu||||| |||| 00| 0 eng d | ||
| 035 | _a(Sirsi) u38270 | ||
| 041 | _aeng | ||
| 245 | _aM3/M27 corridors | ||
| 260 | _c1990 | ||
| 350 | _a0 | ||
| 490 |
_aEstates Times _v(1047) 18 May 1990, 19-64(33) |
||
| 520 | _aThis Estates Times Survey looks at office , retail and industrial development in the Blackwater Valley towns of Camberley , Farnborough , Fleet and Aldershot , the Solent Corridor , Basingstoke , Winchester , Southampton and Portsmouth . Also reports on the B1 and business park market s, dockland development and plans for a new transport scheme in Southampton and the activities in the region of the property company Wilson Bowden . | ||
| 650 | _aHAMPSHIRE | ||
| 650 | _aM27 | ||
| 650 | _aM3 | ||
| 690 | _aPROPERTY-COMMERCIAL PROPERTY-COMMERCIAL PROPERTY MARKET | ||
| 942 | _n0 | ||
| 948 | _c04/03/1997 | ||
| 999 |
_c24591 _d24591 |
||